000 00297nam a2200109Ia 4500
008 171211s9999 xx 000 0 und d
245 _aIntroducing Linux Distros
245 _cJose Dieguez Castro
260 _c2016
650 _xSOFTWARE
856 _uhttp://down.ebook777.com/064/9781484213933.pdf
999 _c349298
_d349298